Pokémon sans aucun stade d'évolution - Statistiques

Statistiques générales
  • Ce quiz a été pris 89 fois
    80 depuis la dernière actualisation
  • Le résultat moyen est 54 sur 87
Statistiques - réponses
N° Pokédex Pokémon % Correct
N°142 Ptéra
85%
N°128 Tauros
85%
N°127 Scarabrute
84%
N°312 Négapi
81%
N°311 Posipi
81%
N°131 Lokhlass
79%
N°132 Métamorph
79%
N°417 Pachirisu
79%
N°214 Scarhino
79%
N°083 Canarticho
76%
N°241 Écrémeuh
76%
N°370 Lovdisc
76%
N°702 Dedenne
74%
N°587 Emolga
74%
N°115 Kangourex
74%
N°369 Relicanth
74%
N°302 Ténéfix
74%
N°206 Insolourdo
73%
N°303 Mysdibule
73%
N°235 Queulorior
73%
N°442 Spiritomb
73%
N°234 Cerfrousse
71%
N°531 Nanméouïe
71%
N°336 Séviper
71%
N°357 Tropius
71%
N°538 Judokrak
69%
N°539 Karaclée
69%
N°335 Mangriff
69%
N°227 Airmure
68%
N°324 Chartor
68%
N°479 Motisma
68%
N°777 Togedemaru
68%
N°201 Zarbi
68%
N°626 Frison
66%
N°351 Morphéo
66%
N°211 Qwilfish
66%
N°352 Kecleon
65%
N°327 Spinda
65%
N°631 Aflamanoir
63%
N°222 Corayon
63%
N°561 Cryptéro
63%
N°203 Girafarig
63%
N°618 Limonde
63%
N°441 Pijako
63%
N°337 Séléroc
63%
N°338 Solaroc
63%
N°359 Absol
61%
N°632 Fermite
61%
N°314 Lumivole
61%
N°313 Muciole
61%
N°707 Trousselin
61%
N°776 Boumata
60%
N°225 Cadoizo
60%
N°621 Drakkarmin
60%
N°594 Mamanbo
60%
N°556 Maracachi
60%
N°701 Brutalibré
58%
N°455 Vortente
58%
N°765 Gouroutan
56%
N°778 Mimiqui
56%
N°877 Morpeko
56%
N°550 Bargantua
55%
N°213 Caratroc
55%
N°676 Couafarel
55%
N°703 Strassie
55%
N°780 Draïeul
53%
N°615 Hexagel
52%
N°882 Hydragon
52%
N°774 Météno
52%
N°766 Quartermac
52%
N°775 Dodoala
50%
N°883 Hydragla
50%
N°779 Denticrisse
48%
N°874 Dolman
48%
N°881 Galvagla
48%
N°880 Galvagon
48%
N°781 Sinistrail
48%
N°884 Duralugon
47%
N°875 Bekaglaçon
45%
N°876 Wimessir
45%
N°764 Guérilande
44%
N°870 Hexadron
44%
N°746 Froussardine
42%
N°845 Nigosier
42%
N°741 Plumeline
40%
N°771 Concombaffe
35%
N°871 Wattapik
32%
Aucun quiz correspondant
Distribution des résultats
% des personnes avec chaque résultat
Percentile par nombre de réponses
Votre historique - résultats
Vous n’avez pas pris ce quiz depuis la dernière actualisation